|
|
|
|
| LEADER |
00000nab a2200000 ar4500 |
| 001 |
vtls010029940 |
| 003 |
SK-MaSNL |
| 005 |
20260426101937.0 |
| 008 |
091209c2008 xo |r||||||||||00 ||slo |
| 015 |
|
|
|a SNBRA2009/12
|2 snkbucl
|
| 038 |
|
|
|a SNKBUCL
|
| 040 |
|
|
|a SNKBUCL
|b slo
|c SNKBUCL
|e AACR2
|
| 041 |
1 |
|
|a slo
|
| 044 |
|
|
|a xo
|c SK
|
| 080 |
|
|
|a 323
|x (437.6)
|x "2007"
|2 2001
|
| 080 |
|
|
|a 329
|x (437.6)
|x "2007"
|2 2001
|
| 100 |
1 |
|
|a Mesežnikov, Grigorij,
|d 1958-
|4 aut
|9 87097
|
| 245 |
1 |
0 |
|a Vnútropolitický vývoj a systém politických strán
|c Grigorij Mesežnikov
|
| 500 |
|
|
|a Autorom časti Cirkvi je Miroslav Kollár
|
| 504 |
|
|
|a Bibliogr. odkazy
|
| 648 |
|
7 |
|a 2007
|2 snkbucl
|9 313226
|
| 650 |
0 |
7 |
|a vnútorná politika
|2 snkbucl
|9 970
|
| 650 |
0 |
7 |
|a politické strany
|2 snkbucl
|9 3589
|
| 650 |
0 |
7 |
|a cirkvi
|2 snkbucl
|9 22180
|
| 651 |
|
7 |
|a Slovensko
|2 snkbucl
|9 14231
|
| 700 |
1 |
|
|a Kollár, Miroslav,
|d 1969-
|4 aut
|9 110392
|
| 773 |
0 |
|
|t Slovensko 2007 : súhrnná správa o stave spoločnosti
|d Bratislava : Inštitút pre verejné otázky, 2008
|g S. 17-118
|z 9788089345014
|
| 852 |
|
|
|a SNK
|b KIS3GCP
|
| 958 |
|
|
|a NB
|
| 999 |
|
|
|c 3244419
|d 3246349
|